000 00453nam a22001217a 4500
082 _a220 PRO
100 _aNS Muhammad Arqam Zaheer ASC Syed Omer Banuri ASC Arslan Nazir Tarar
_973109
245 _aPR-SOF-1949-Modelling and Characterization of Carbon Nanotube Based Membranes
260 _aISLAMABAD
_bNUST COLLEGE OF EME
_c2020
650 _aDE-COMP-38
700 _aProject Supervisors Dr. Bilal Ahmed Anjum Muhammad Umair Akhtar
_973110
942 _cCR
999 _c578972
_d578972